LEADER 05350nam 2200625Ia 450 001 9910454500303321 005 20200520144314.0 010 $a1-59327-222-7 035 $a(CKB)1000000000523896 035 $a(EBL)1137527 035 $a(OCoLC)830164461 035 $a(SSID)ssj0000073874 035 $a(PQKBManifestationID)11116068 035 $a(PQKBTitleCode)TC0000073874 035 $a(PQKBWorkID)10118772 035 $a(PQKB)10593459 035 $a(MiAaPQ)EBC1137527 035 $a(Au-PeEL)EBL1137527 035 $a(CaPaEBR)ebr10251761 035 $a(EXLCZ)991000000000523896 100 $a20070105d2008 uy 0 101 0 $aeng 135 $aur|n|---||||| 181 $ctxt 182 $cc 183 $acr 200 10$aBuilding a server with FreeBSD 7$b[electronic resource] $ea modular approach /$fBryan J. Hong 210 $aSan Francisco $cNo Starch Press$dc2008 215 $a1 online resource (292 p.) 300 $aDescription based upon print version of record. 311 $a1-59327-145-X 320 $aIncludes bibliographical references and index. 327 $aAcknowledgments; Preface; This Book's Roots; How to Use This Book; Format; Where to Start; Becoming the Superuser; Easy Editor; Part I: The Base System; FreeBSD 7.0; Summary; License; The Ports Collection; FreeBSD's Roots, Briefly; Resources; Required; Optional; Preparation; Install; Configure; Logging In; Default Search Path; Limiting SSH Access; Shutting Down; Rebooting; Configuring a Static IP; A. FreeBSD Server Behind a NAT Router; B. FreeBSD Server Connected Directly to the Internet; Dynamic DNS; hosts and resolv.conf; hosts; resolv.conf; Config Files; Notes; FreeBSD Ports Collection 327 $aSummaryResources; Required; Preparation; Install; Configure; portmaster; portaudit; Utilities; pkg_info; pkg_delete; Config Files; Notes; Part II: Third-Party Applications; Apache HTTP Server 2.2.8; Summary; Resources; Required; Optional; Preparation; Install; Configure; Testing; Utilities; apache22; Config Files; Log Files; Notes; Courier-authlib 0.60.2; Summary; Resources; Required; Preparation; Install; Configure; Testing; Config Files; Log Files; Courier-IMAP Server 4.3.0; Summary; Resources; Required; Optional; Preparation; Install; Configure; Testing; IMAP; POP3; Utilities; maildirmake 327 $aConfig FilesLog Files; Notes; CUPS Print Server 1.3.3; Summary; Resources; Required; Optional; Preparation; Install; Configure; Testing; Gutenprint Driver; HPLIP Driver; Finishing Printer Setup; Administration; Config Files; Log Files; Notes; Printer Types; Printing Restrictions; SSL Certificates; lptcontrol; Cyrus SASL 2.1.22; Summary; Resources; Required; Preparation; Install; Configure; Testing; Config Files; ddclient 3.7.3; Summary; Resources; Required; Preparation; Install; Configure; Testing; Config Files; Log Files; Notes; Drupal 5.5; Summary; Resources; Required; Preparation; Install 327 $aConfigureConfig Files; Notes; ISC BIND DNS Server 9.4.2; Summary; Resources; Required; Optional; Preparation; Install; Configure; Testing; Utilities; rndc; Config Files; Log Files; Notes; ISC DHCP Server 3.0.5; Summary; Resources; Required; Optional; Preparation; Install; Configure; Static IP Assignments; Dynamic DNS Updates; Testing; Config Files; Log Files; Lynx 2.8.6; Summary; Resources; Required; Preparation; Install; Configure; Microsoft Windows XP; Macintosh OS X; Utilities; lynx; Config Files; MediaWiki 1.11.1; Summary; Resources; Required; Preparation; Install; Configure 327 $aAdministrationConfig Files; Notes; MySQL Server 5.0.51; Summary; Resources; Required; Preparation; Install; Configure; Disabling MySQL TCP Networking; Testing; Basics; Show Databases; Create a Database; Add a User to a Database; Remove a User from a Database; Remove a User from MySQL; Delete a Database; Show User Privileges; Back Up All Databases; Back Up a Single Database; Restore a Database; Config Files; Log Files; Notes; NTP Server 4.2.2; Summary; Resources; Required; Optional; Preparation; Install; Configure; Testing; Config Files; Log Files; Notes; OpenLDAP Server 2.3.38; Summary 327 $aResources 330 $aThe most difficult aspect of building a server to act as a file server, Web server, or mail server is the initial software installation and configuration. Getting your hands on the software is one thing; getting it all to function is another thing entirely. For many people, the only option is to hire an expensive consultant. Building a Server with FreeBSD 7 tackles the problem systematically, so readers can accomplish the task themselves efficiently and affordably using the freely licensed FreeBSD operating system. Instructions are very clear and straightforward, so the reader need only read a 606 $aClient/server computing 606 $aFree computer software 606 $aOperating systems (Computers) 608 $aElectronic books. 615 0$aClient/server computing. 615 0$aFree computer software. 615 0$aOperating systems (Computers) 676 $a005.4/3 700 $aHong$b Bryan J$g(Bryan Johnathan)$0987722 801 0$bMiAaPQ 801 1$bMiAaPQ 801 2$bMiAaPQ 906 $aBOOK 912 $a9910454500303321 996 $aBuilding a server with FreeBSD 7$92258262 997 $aUNINA LEADER 01038nam a2200313 i 4500 001 991001405519707536 005 20020507192859.0 008 960926s1973 de ||| | eng 020 $a354006009X 035 $ab10843139-39ule_inst 035 $aLE01311789$9ExL 040 $aDip.to Matematica$beng 082 0 $a512.74 084 $aAMS 11-02 084 $aAMS 11-XX 100 1 $aMilnor, John Willard$040532 245 10$aSymmetric bilinear forms /$cJ. Milnor, D. Husemoller 260 $aBerlin :$bSpringer-Verlag,$c1973 300 $aviii, 146 p. :$bill. ;$c24 cm. 500 $aBibliography: p. [141]-143 650 4$aBilinear forms 650 4$aQuadratic forms 700 1 $aHusemoller, Dale 907 $a.b10843139$b21-09-06$c28-06-02 912 $a991001405519707536 945 $aLE013 11-XX MIL11 (1973)$g1$i2013000061191$lle013$o-$pE0.00$q-$rl$s- $t0$u1$v0$w1$x0$y.i10953310$z28-06-02 996 $aSymmetric Bilinear Forms$9348656 997 $aUNISALENTO 998 $ale013$b01-01-96$cm$da $e-$feng$gde $h0$i1 LEADER 01764nam 2200481 450 001 9910826214803321 005 20200520144314.0 010 $a1-4232-1887-6 035 $a(CKB)3710000001404197 035 $a(MiAaPQ)EBC4877135 035 $a(Au-PeEL)EBL4877135 035 $a(CaPaEBR)ebr11397776 035 $a(OCoLC)990426043 035 $a(BIP)037653800 035 $a(EXLCZ)993710000001404197 100 $a20190124d2013 uy 0 101 0 $aeng 135 $aurcnu|||||||| 181 $ctxt$2rdacontent 182 $cc$2rdamedia 183 $acr$2rdacarrier 200 00$aHtml5 210 1$a[Place of publication not identified] :$cBarCharts, Inc.,$d[2013] 215 $a1 online resource (6 pages) 225 1 $aQuick Study Computer 311 $a1-4232-1869-8 330 8 $aIf you are at all familiar with HTML, chances are you want to know more about the cutting-edge digital development toolbox, HTML5. Whether you are building your knowledge base from scratch or you are a seasoned user of HTML, this guide will be an excellent reference source to learn more about the changes and additions to HTML that will be affecting a browser near you! 410 0$aQuickStudy computer. 606 $aHTML (Document markup language)$xExaminations$vStudy guides 606 $aWeb site development$xExaminations$vStudy guides 610 $aHTML (DOCUMENT MARKUP LANGUAGE) 610 $aCOMPUTERS 615 0$aHTML (Document markup language)$xExaminations 615 0$aWeb site development$xExaminations 676 $a006.74 700 $aNixon$b Robin$0619192 801 0$bMiAaPQ 801 1$bMiAaPQ 801 2$bMiAaPQ 906 $aBOOK 912 $a9910826214803321 996 $aHtml5$93958231 997 $aUNINA LEADER 01822nam 2200397z- 450 001 9910346898603321 005 20210211 010 $a1000025400 035 $a(CKB)4920000000101536 035 $a(oapen)https://directory.doabooks.org/handle/20.500.12854/41220 035 $a(oapen)doab41220 035 $a(EXLCZ)994920000000101536 100 $a20202102d2012 |y 0 101 0 $ager 135 $aurmn|---annan 181 $ctxt$2rdacontent 182 $cc$2rdamedia 183 $acr$2rdacarrier 200 00$aDer Architekt Heinrich Mu?ller und die Bayrische Postbauschule in der Pfalz 210 $cKIT Scientific Publishing$d2012 215 $a1 online resource (XXIV, 371 p. p.) 225 1 $aMaterialien zu Bauforschung und Baugeschichte / Karlsruher Institut für Technologie, Institut Kunst- und Baugeschichte, Fachgebiet Baugeschichte 311 08$a3-86644-790-6 330 $aZwischen den Kriegen Postbaurat in Speyer, verwirklichte Heinrich Mu?ller eine Architektur im Dialog mit der Geschichte des jeweiligen Ortes und des allgemeinen kulturellen Geda?chtnisses.Mu?ller wechselte 1936 als Professor fu?r Architektur zur damaligen Technischen Hochschule Karlsruhe. Bis heute zeugen der Gerthsen-Ho?rsaal und die Sporthalle am Forum von seinem Bebauungsplan von 1953 mit dem amerikanischen Ideal der gru?nen Mitte, eine gute Diskussionsbasis fu?r die Fortentwicklung des KIT-Campus. 606 $aPhysics$2bicssc 610 $aArchitektur 610 $aPfalz 610 $aPost 610 $aSta?tdtebau 610 $aUniversita?t Karlsruhe 615 7$aPhysics 700 $aWerner$b Wolfgang$4auth$0429561 906 $aBOOK 912 $a9910346898603321 996 $aDer Architekt Heinrich Müller und die Bayrische Postbauschule in der Pfalz$93026921 997 $aUNINA